[Event "TUR Cup"]
[Site "Adapazari"]
[Date "2022.03.26"]
[Round "3"]
[White "Kaygisiz, Ozgur Can"]
[Black "Kilic, Eray"]
[Result "0-1"]
[WhiteElo "1697"]
[BlackElo "2088"]
[PlyCount "74"]
[EventDate "2022.03.25"]
[EventType "swiss"]
[EventRounds "11"]
[EventCountry "TUR"]
[SourceTitle "EXT 2023"]
[Source "ChessBase"]
[SourceDate "2022.10.05"]
[SourceVersion "1"]
[SourceVersionDate "2022.10.05"]
[SourceQuality "1"]

1. e4 c5 2. Nf3 d6 3. d4 cxd4 4. Nxd4 Nf6 5. Nc3 a6 6. Be3 e5 7. Nb3 Be6 8. Qd2 Nbd7 9. f3 h5 10. 0-0-0 Rc8 11. Be2 Be7 12. Kb1 b5 13. a3 Nb6 14. Rhe1 0-0 15. f4 Na4 16. Bf3 Rxc3 17. bxc3 Qc7 18. f5 Nxc3+ 19. Kb2 Nxd1+ 20. Rxd1 Bc4 21. Bg5 Rd8 22. Bxf6 Bxf6 23. c3 d5 24. exd5 e4 25. d6 Qc8 26. d7 Qc7 27. Bxe4 Bxb3 28. Kxb3 Qc4+ 29. Kb2 Qxe4 30. Re1 Rxd7 31. Qf2 Qc4 32. Re8+ Kh7 33. Qc2 Rd3 34. Rc8 Qxc8 35. Qxd3 Qc4 36. Qf3 Qg4 37. Qf2 b4 0-1

[Event "NATO-ch 23nd"]
[Site "Brest"]
[Date "2012.10.04"]
[Round "6"]
[White "Kaygisiz, Ozgur Can"]
[Black "Demjen, Attila"]
[Result "1/2-1/2"]
[WhiteElo "1899"]
[BlackElo "2053"]
[PlyCount "86"]
[EventDate "2012.10.01"]
[EventType "swiss"]
[EventRounds "7"]
[EventCountry "FRA"]
[SourceTitle "CBM 150 Extra"]
[Source "ChessBase"]
[SourceDate "2012.10.19"]
[SourceVersion "1"]
[SourceVersionDate "2012.10.19"]
[SourceQuality "1"]

1. e4 c6 2. d4 d5 3. exd5 cxd5 4. c4 Nf6 5. Nc3 Nc6 6. Nf3 Bg4 7. Be3 e6 8. a3 dxc4 9. Bxc4 Be7 10. 0-0 0-0 11. b4 Rc8 12. Be2 Nxb4 13. axb4 Rxc3 14. Rxa7 Qb6 15. Qa1 Nd5 16. Bd2 Bxf3 17. Bxf3 Rc2 18. Bxd5 exd5 19. Be3 Rc4 20. Qa2 Rxb4 21. Ra5 Bf6 22. Qxd5 Bxd4 23. Bxd4 Rxd4 24. Rb5 Rxd5 25. Rxb6 Rd7 26. Rfb1 Rb8 27. g3 Kf8 28. h4 Ke8 29. Kg2 Kd8 30. R6b3 Kc8 31. Rc3+ Rc7 32. Re3 Rd7 33. Rc3+ Kd8 34. Rcb3 Kc8 35. Rc3+ Kd8 36. Rcb3 Ke8 37. Re3+ Re7 38. Reb3 h6 39. g4 Rd7 40. Kg3 Kd8 41. f3 Kc8 42. Rc3+ Kd8 43. Rcb3 Kc8 1/2-1/2

[Event "NATO-ch 23nd"]
[Site "Brest"]
[Date "2012.10.01"]
[Round "1"]
[White "Kaygisiz, Ozgur Can"]
[Black "Tucker, David Sidney"]
[Result "1-0"]
[WhiteElo "1899"]
[BlackElo "2117"]
[PlyCount "81"]
[EventDate "2012.10.01"]
[EventType "swiss"]
[EventRounds "7"]
[EventCountry "FRA"]
[SourceTitle "CBM 150 Extra"]
[Source "ChessBase"]
[SourceDate "2012.10.19"]
[SourceVersion "1"]
[SourceVersionDate "2012.10.19"]
[SourceQuality "1"]

1. e4 c5 2. Nf3 Nc6 3. d4 cxd4 4. Nxd4 g6 5. c4 Nf6 6. Nc3 d6 7. Be2 Nxd4 8. Qxd4 Bg7 9. f4 0-0 10. Qd3 Bd7 11. Be3 Qa5 12. 0-0 Bc6 13. Rab1 Qd8 14. b4 b6 15. g4 Rc8 16. g5 Nd7 17. Rbc1 Rc7 18. Nd5 Bxd5 19. cxd5 Qb8 20. Rc6 Rfc8 21. Rfc1 Nf8 22. Bg4 Rxc6 23. dxc6 Rc7 24. f5 Be5 25. Bd4 Bf4 26. Be3 Be5 27. b5 Qd8 28. h4 Kg7 29. Rf1 f6 30. Bd2 Qb8 31. Qe3 Qd8 32. h5 e6 33. gxf6+ Qxf6 34. Qh6+ Kg8 35. fxg6 Qg7 36. gxh7+ Nxh7 37. Qxe6+ Kh8 38. Qe8+ Qg8 39. Qxg8+ Kxg8 40. Be6+ Kh8 41. Rf7 1-0